<?xml version="1.0" encoding="UTF-8"?>
<record
    xmlns:xsi="http://www.w3.org/2001/XMLSchema-instance"
    xsi:schemaLocation="http://www.loc.gov/MARC21/slim http://www.loc.gov/standards/marcxml/schema/MARC21slim.xsd"
    xmlns="http://www.loc.gov/MARC21/slim">

  <leader>00944nam a22002297a 4500</leader>
  <controlfield tag="005">20151003020002.0</controlfield>
  <controlfield tag="008">140923b2014    ck ||||| |||| 00| 0 spa d</controlfield>
  <datafield tag="041" ind1=" " ind2=" ">
    <subfield code="a">spa</subfield>
  </datafield>
  <datafield tag="044" ind1=" " ind2=" ">
    <subfield code="a">ck</subfield>
  </datafield>
  <datafield tag="082" ind1="0" ind2="4">
    <subfield code="a">633.8</subfield>
    <subfield code="b">G63b2</subfield>
  </datafield>
  <datafield tag="100" ind1="1" ind2=" ">
    <subfield code="a">G&#xF3;mez, Jos&#xE9; Antonio</subfield>
    <subfield code="9">2326</subfield>
  </datafield>
  <datafield tag="245" ind1="1" ind2="0">
    <subfield code="a">Esquema de compensaci&#xF3;n por servicios ambientales h&#xED;dricos en el sector productivo cafetero : </subfield>
    <subfield code="b">caso microcuenca Toro, Valle del Cauca / </subfield>
    <subfield code="c">Jos&#xE9; Antonio G&#xF3;mez, y Luisa Fernanda L&#xF3;pez</subfield>
  </datafield>
  <datafield tag="260" ind1=" " ind2=" ">
    <subfield code="a">Bogot&#xE1; : </subfield>
    <subfield code="b">Federaci&#xF3;n de Nacional de Cafeteros de Colombia, </subfield>
    <subfield code="c">2014.</subfield>
  </datafield>
  <datafield tag="300" ind1=" " ind2=" ">
    <subfield code="a">31 p.</subfield>
    <subfield code="b">il.</subfield>
    <subfield code="c">24  cm.</subfield>
  </datafield>
  <datafield tag="500" ind1=" " ind2=" ">
    <subfield code="a">Proyecto incorporaci&#xF3;n de la biodiversidad en el sector cafetero de Colombia.</subfield>
  </datafield>
  <datafield tag="650" ind1=" " ind2="4">
    <subfield code="a">Restauraci&#xF3;n de cuencas</subfield>
    <subfield code="v">monitoreo</subfield>
    <subfield code="9">27184</subfield>
  </datafield>
  <datafield tag="650" ind1=" " ind2="4">
    <subfield code="a">Servicios ambientales</subfield>
    <subfield code="v">hidrolog&#xED;a</subfield>
    <subfield code="9">27185</subfield>
  </datafield>
  <datafield tag="650" ind1=" " ind2="4">
    <subfield code="a">Caf&#xE9;</subfield>
    <subfield code="v">plantaciones</subfield>
    <subfield code="9">27186</subfield>
  </datafield>
  <datafield tag="651" ind1=" " ind2="4">
    <subfield code="a">Caf&#xE9;</subfield>
    <subfield code="x">agricultura</subfield>
    <subfield code="9">27187</subfield>
  </datafield>
  <datafield tag="700" ind1="1" ind2=" ">
    <subfield code="a">L&#xF3;pez, Luisa Fernanda</subfield>
    <subfield code="9">1254</subfield>
  </datafield>
  <datafield tag="942" ind1=" " ind2=" ">
    <subfield code="2">ddc</subfield>
    <subfield code="c">LIBRO</subfield>
    <subfield code="0">1</subfield>
  </datafield>
  <datafield tag="999" ind1=" " ind2=" ">
    <subfield code="c">8722</subfield>
    <subfield code="d">8722</subfield>
  </datafield>
  <datafield tag="952" ind1=" " ind2=" ">
    <subfield code="0">0</subfield>
    <subfield code="1">0</subfield>
    <subfield code="2">ddc</subfield>
    <subfield code="4">0</subfield>
    <subfield code="7">0</subfield>
    <subfield code="8">GENERAL</subfield>
    <subfield code="I">INV2017</subfield>
    <subfield code="a">Bogota</subfield>
    <subfield code="b">Bogota</subfield>
    <subfield code="d">2014-09-23</subfield>
    <subfield code="e">Instituto</subfield>
    <subfield code="g">39000.00</subfield>
    <subfield code="l">1</subfield>
    <subfield code="o">LB-633.8 G63b2</subfield>
    <subfield code="p">038382</subfield>
    <subfield code="r">2015-10-02 00:00:00</subfield>
    <subfield code="s">2015-10-02</subfield>
    <subfield code="t">Ej. 1</subfield>
    <subfield code="w">2014-09-23</subfield>
    <subfield code="x">Donaci&#xF3;n</subfield>
    <subfield code="y">LIBRO</subfield>
  </datafield>
</record>
